00335nam a2200121Ia 4500008004100000082001600041100002500057245007200082250000800154260002700162300000800189650001600197191201s2009 xx 000 0 und d a004.16bMAM aMAZIDI, Muhammad Ali 4aThe 8051 Microcontroller and Embedded Systems: Using Assembly and C a4th aN.DelhibPearsonc2009 a547 aB.Tech(ECE)